ბათუმის შოთა რუსთაველის სახელმწიფო უნივერსიტეტის ბიბლიოთეკა

თანასწორობა-უფლება უთანასწორობაზე / (ბიბ.ჩანაწერი № 36466)

000 -ლიდერი
ფიქსირებული სიგრძის საკონტროლო ველი 01053nam a2200241Ia 4500
001 - საკონტროლო ნომერი
საკონტროლო ველი 2381
003 - საკონტროლო ნომრის იდენტიფიკატორი
საკონტროლო ველი GE_BSU
005 - ბოლო ოპერაციის თარიღი და დრო
საკონტროლო ველი 20190531193013.0
008 - ფიქსირებული სიგრძის მონაცემთა ელემენტები - ზოგადი ინფორმაცია
ფიქსირებული სიგრძის საკონტროლო ველი 181216s2008||||ge |||||||||||||| ||geo||
040 ## - კატალოგიზაციის წყარო
Transcribing agency GE_BSU
041 ## - ენის კოდი
Language code of text/sound track or separate title geo
080 ## - უნივერსალური ათობითი კლასიფიკაციის ინდექსი
Universal Decimal Classification number 342.7+1 ჭ–97
100 ## - მთავარი ჩანაწერი - პიროვნების სახელი
Personal name ჭყონია, დავით
9 (RLIN) 1926
245 ## - ცნობა სათაურის შესახებ
Statement of responsibility, etc დავით ჭყონია ; რედ. მურმან გორგოშაძე.
Title თანასწორობა-უფლება უთანასწორობაზე /
264 ## - წარმოების, გამოცემის, დისტრიბუციის და სხვა ცნობები
გამოცემის, წარმოების, დისტრიბუციის... ადგილი თბილისი :
გამოცემის, წარმოების, დისტრიბუციის... სახელწოდება უნივერსალი,
გამოცემის, წარმოების, დისტრიბუციის... თარიღი 2008.
300 ## - ფიზიკური აღწერა
Extent 271 გვ. ;
Other physical details 20 სმ.
504 ## - BIBLIOGRAPHY, ETC. NOTE
Bibliography, etc ბიბლიოგრ. ტექსტ. შენიშვნ. და გვ. 266-271.
653 ## - INDEX TERM--UNCONTROLLED
Uncontrolled term სოციალური თანასწორობა
653 ## - INDEX TERM--UNCONTROLLED
Uncontrolled term სოციალური უთანასწორობა
700 ## - ADDED ENTRY--PERSONAL NAME
Personal name გორგოშაძე, მურმან
Relator term რედაქტორი
9 (RLIN) 1927
942 ## - ADDED ENTRY ELEMENTS (KOHA)
Koha item type წიგნი
Source of classification or shelving scheme
ეგზემპლარები
ჩამოწერის სტატუსი დაკარგული ეგზემპლარის სტატუსი კლასიფიკაციის წყარო ან თაროზე გაწყობის სქემა დაზიანების სტატუსი არ გაიცემა მუდმივი მდებარეობა (დაცვის ადგილი) ამჟამინდელი ადგილსამყოფელი თაროზე განთავსების ადგილი შეძენის თარიღი ღირებულება, შესყიდვის ნორმალური ფასი სრული შენახვის შიფრი შტრიხკოდი ბოლო ოპერაციის თარიღი ეგზემპლარის მიმდევრობითი ნომერი (კეტერი?) ფასის ძალაში შესვლის თარიღი ეგზემპლარის სახეობა საჯარო შენიშვნა
          ბათუმის შოთა რუსთაველის სახელმწიფო უნივერსიტეტის მთავარი ბიბლიოთეკა ბათუმის შოთა რუსთაველის სახელმწიფო უნივერსიტეტის მთავარი ბიბლიოთეკა წიგნსაცავი 2018-12-17 10.00 342.7+1 ჭ–97 4494 2018-12-17 4494 2018-12-17 წიგნი 10 ლ.